000 00286nam a22001337a 4500
008 170524b xxu||||| |||| 00| 0 eng d
020 _a0534923607
041 _aeng
080 _a621.3
100 _a26
101 _aIM
245 _aPOWER ELECTRONICS
_cFISHER, M.J
942 _2udc
_cBK
999 _c14149
_d14149